000 00297nam a2200133Ia 4500
008 230312s9999||||xx |||||||||||||| ||und||
082 _a004
_bLON
100 _aLong Larry
245 0 _aComputers
300 _a481
546 _aEng.
650 _aComputer
_vGetting Started , Software
942 _cBK
999 _c3379
_d3379